Código de ética profesional : trabajo social

Uloženo v:
Podrobná bibliografie
Hlavní autor: Funes, Nélida
Médium: Kniha
Jazyk:španělština
Vydáno: Buenos Aires Espacio 2003
Témata:
Tagy: Přidat tag
Žádné tagy, Buďte první, kdo vytvoří štítek k tomuto záznamu!

MARC

LEADER 00000nam a22000005a 4500
003 CL-ChBUA
005 20120815095527.0
008 110823s2003 ag ||||| |||| 000 ||spa
020 |a 9508021659 
040 |a CL-ChBUA  |c CL-ChBUA 
082 0 0 |a 344.83 
090 |c 28595  |d 28595 
100 1 |a Funes, Nélida 
245 1 0 |a Código de ética profesional : trabajo social 
260 |a Buenos Aires  |b Espacio  |c 2003 
300 |a 61 p.  |c 20 cm. 
650 4 |a PROFESORES - ETICA PROFESIONAL 
650 4 |a PROFESORES - SITUACION JURIDICA - CHILE 
942 |c LIB 
952 |0 0  |1 0  |2 ddc  |4 0  |6 344_830000000000000_F_981  |7 0  |9 67198  |a UNACH  |b UNACH  |c 300  |d 2011-08-23  |i 47.644  |l 0  |o 344.83 / F 981  |p 68330  |r 2025-07-22 14:09:21  |u 67198  |w 2012-08-08  |y LIB 
999 |c 28595  |d 28595